000
00318nam a22001337a 4500
008
181022b xxu||||| |||| 00| 0 eng d
020
_a
0030417619
041
_a
eng
080
_2
3rd
_a
331.101.262
100
_a
52
101
_a
BNJ
245
_a
Foundations of Behavioral Research
_c
Kerlinger,F.N
942
_2
udc
_c
BK
999
_c
50436
_d
50436